A few home truths (Record no. 68472)

MARC details
000 -LEADER
fixed length control field 01715cam a2200325 4500
001 - CONTROL NUMBER
control field ABS64543
008 - FIXED-LENGTH DATA ELEMENTS--GENERAL INFORMATION
fixed length control field 011004n2001 000 0 eng u
035 ## - SYSTEM CONTROL NUMBER
System control number (Sirsi) u114990
100 ## - MAIN ENTRY--PERSONAL NAME
Personal name Pawlowski, M.
245 #2 - TITLE STATEMENT
Title A few home truths
260 ## - PUBLICATION, DISTRIBUTION, ETC.
Date of publication, distribution, etc. 2001
490 ## - SERIES STATEMENT
Series statement Estates Gazette
Volume/sequential designation (0139) 29 September 2001, 136-137(2)
520 ## - SUMMARY, ETC.
Summary, etc. Argues that current legislation is unequal to the problems of defective housing. Through discussion of case law illustrates that the Environmental Protectiion Act 1990 s79 has limited application in tackling the problems of poor housing. It does not cover premises that are inherently dangerous, or unhygienic, or lack a facility that would enable the occupants to avoid a risk to health. Discusses the proposals contained in the Law Commission's 1992 consultation paper, "Landlord and Tenant: Responsibility for State and Condition of Property, No 123", and its 1996 report "Landlord and Tenant: Responsibility for State and Condition of Property, No 238". Argues that these proposals should be implemented, but recognises there is no sign of them becoming law in the foreseeable future.
590 ## - LOCAL NOTE (RLIN)
Local note ABS
650 ## - SUBJECT ADDED ENTRY--TOPICAL TERM
Topical term or geographic name entry element ENVIRONMENTAL PROTECTION ACT 1990 S79
650 ## - SUBJECT ADDED ENTRY--TOPICAL TERM
Topical term or geographic name entry element DEFECTIVE HOUSING
650 ## - SUBJECT ADDED ENTRY--TOPICAL TERM
Topical term or geographic name entry element HYGIENE
650 ## - SUBJECT ADDED ENTRY--TOPICAL TERM
Topical term or geographic name entry element TRAFFIC NOISE
650 ## - SUBJECT ADDED ENTRY--TOPICAL TERM
Topical term or geographic name entry element CONDENSATION
650 ## - SUBJECT ADDED ENTRY--TOPICAL TERM
Topical term or geographic name entry element R V BRISTOL CITY COUNCIL EX P EVERETT
650 ## - SUBJECT ADDED ENTRY--TOPICAL TERM
Topical term or geographic name entry element COVENTRY CITY COUNCIL V CARTWRIGHT
650 ## - SUBJECT ADDED ENTRY--TOPICAL TERM
Topical term or geographic name entry element BIRMINGHAM CITY COUNCIL V OAKLEY
650 ## - SUBJECT ADDED ENTRY--TOPICAL TERM
Topical term or geographic name entry element HARINGEY LBC V JOWETT
650 ## - SUBJECT ADDED ENTRY--TOPICAL TERM
Topical term or geographic name entry element SOUTHWARK LBC V INCE
650 ## - SUBJECT ADDED ENTRY--TOPICAL TERM
Topical term or geographic name entry element GREATER LONDON COUNCIL V TOWER HAMLETS LBC
650 ## - SUBJECT ADDED ENTRY--TOPICAL TERM
Topical term or geographic name entry element HERBERT LBC V ISSA
650 ## - SUBJECT ADDED ENTRY--TOPICAL TERM
Topical term or geographic name entry element MCNERRY V LAMBETH LBC
690 ## - LOCAL SUBJECT ADDED ENTRY--TOPICAL TERM (OCLC, RLIN)
Topical term or geographic name as entry element HOUSING
942 ## - ADDED ENTRY ELEMENTS (KOHA)
Suppress in OPAC 0
Holdings
Withdrawn status Lost status Source of classification or shelving scheme Damaged status Not for loan Home library Current library Shelving location Date acquired Total Checkouts Full call number Barcode Date last seen Copy number Price effective from Koha item type
    Dewey Decimal Classification     London London Journal article 04/10/2001   ABS64543 114990-1001 06/08/2019 1 06/08/2019 Journal article